Yüklüyor......
Classical Greece
| Yazar: | |
|---|---|
| Materyal Türü: | Printed Book |
| Baskı/Yayın Bilgisi: |
Nederland;
Time-Life International;
1966
|
| Konular: |
| LEADER | 00455nam a22001337a 4500 | ||
|---|---|---|---|
| 082 | |a 909 |b BOW/C K6 | ||
| 100 | |a C M Bowra |9 308794 | ||
| 245 | |a Classical Greece | ||
| 260 | |a Nederland; |b Time-Life International; |c 1966 | ||
| 300 | |a 192p. | ||
| 650 | |a English; World History |9 238366 | ||
| 942 | |c BK | ||
| 999 | |c 72776 |d 72776 | ||
| 952 | |0 0 |1 0 |4 0 |6 909_000000000000000_BOW_C_K6 |7 0 |8 WH |9 85890 |a MAL |b MAL |d 2017-01-16 |e 15340 |l 0 |o 909 BOW/C K6 |p MAL015340 |r 2017-01-16 |t 1 |w 2017-01-16 |y BK | ||